Catálogo

CUENTOS DEL MEXICO ANTIGUO (Registro nro. 18927)

Detalles MARC
000 -LEADER
fixed length control field 00458nam a2200181 a 4500
001 - CONTROL NUMBER
control field 18927
005 - DATE AND TIME OF LATEST TRANSACTION
control field 20180713212308.0
008 - FIXED-LENGTH DATA ELEMENTS--GENERAL INFORMATION
fixed length control field 140415s1945 000 0 spa d
041 ## - LANGUAGE CODE
Language code of text/sound track or separate title spa
082 ## - DEWEY DECIMAL CLASSIFICATION NUMBER
Classification number 863
Item number VAL
100 1# - MAIN ENTRY--PERSONAL NAME
Personal name VALLE-ARIZPE, ARTEMIO DE
245 10 - TITLE STATEMENT
Title CUENTOS DEL MEXICO ANTIGUO
250 ## - EDITION STATEMENT
Edition statement 5a ed.
260 ## - PUBLICATION, DISTRIBUTION, ETC.
Place of publication, distribution, etc. [s.l.] :
Name of publisher, distributor, etc. ESPASA-CALPE,
Date of publication, distribution, etc. 1945
300 ## - PHYSICAL DESCRIPTION
Extent 151
490 ## - SERIES STATEMENT
Series statement AUSTRAL
Volume/sequential designation 53
650 14 - SUBJECT ADDED ENTRY--TOPICAL TERM
Topical term or geographic name entry element LITERATURA MEXICANA
Existencias
Withdrawn status Lost status Source of classification or shelving scheme Damaged status Not for loan Collection code Home library Current library Shelving location Date acquired Source of acquisition Inventory number Total Checkouts Full call number Barcode Date last seen Date last checked out Price effective from Koha item type
    Dewey Decimal Classification     General Biblioteca Karol Wojtyla Biblioteca Karol Wojtyla Sala general 03/12/2013 Compra 151000000000000000035093 2 863 VAL 38362 05/01/2026 12/11/2024 03/12/2013 Libro